[Event "FIDE Women World-chT-KO 2021"]
[Site "Sitges"]
[Date "2021.09.30"]
[Round "1.2"]
[White "Gomes, Mary Ann"]
[Black "Dauletova, Gulmira"]
[Result "1-0"]
[WhiteElo "2354"]
[BlackElo "2257"]
[Annotator "TA"]
[PlyCount "113"]
[EventDate "2021.09.30"]
[EventType "team-tourn"]
[EventCountry "ESP"]
[SourceTitle "playchess.com"]
[Source "ChessBase"]
[SourceQuality "1"]
[WhiteTeam "India"]
[BlackTeam "Kazakhstan"]
[WhiteTeamCountry "IND"]
[BlackTeamCountry "KAZ"]

{[%evp 9,113,8,21,0,0,0,0,0,20,0,22,16,23,13,39,27,25,-12,53,74,126,125,110,
121,104,119,113,60,45,47,56,44,59,10,13,15,29,0,0,6,32,37,23,27,36,49,155,200,
158,115,134,54,41,0,0,0,27,18,22,16,16,0,0,0,0,0,50,7,25,16,32,66,67,55,58,0,0,
-30,-18,-43,-19,-16,0,0,1246,1235,1228,1227,1225,1160,29982,29981,29975,29977,
29984,29963,29983,29984,29984,29985,29997,29995,29995,29996,29997,29998]} 1.
Nf3 d5 2. g3 c6 3. Bg2 Bg4 4. c4 e6 5. cxd5 exd5 6. Qb3 {A11: English Opening:
1...c6.} Qb6 7. Qc2 Nf6 8. O-O {The position is equal.} Nbd7 9. d3 Bd6 {
is the legacy move (9...Be7).} 10. Nc3 O-O 11. e4 Rfe8 12. Be3 Qa5 {[#]} 13.
Nd2 $146 ({Predecessor:} 13. Nd4 dxe4 14. dxe4 Qh5 15. f3 Bh3 16. Bxh3 Qxh3 17.
Nf5 Be5 18. Rad1 Nf8 19. Bg5 {1/2-1/2 (46) Kaidanov,G (2569)-Akobian,V (2640)
Las Vegas 2014}) 13... Bb4 (13... dxe4 $11 14. Ncxe4 Bc7) 14. h3 $14 Bxc3 (
14... Bh5 $142) 15. bxc3 $16 Be6 16. f4 dxe4 17. dxe4 {f5 is the strong threat.
} Nb6 {[#]} 18. Bd4 (18. c4 $1 $16) 18... Nfd7 $14 19. Rfb1 f6 20. a4 Nc5 21.
Rb4 Nbd7 22. Bf2 Qc7 23. Rab1 Bf7 24. Nf1 a5 25. Rd4 Ne6 26. Rd2 Nec5 27. Ne3
g6 (27... Nb6 $14) 28. Ng4 $16 Kg7 29. e5 fxe5 {[#]} 30. Nxe5 (30. Qd1 $1 $16)
30... Nxe5 $14 31. Bxc5 Nc4 32. Re2 Rxe2 33. Qxe2 Re8 34. Qf2 Kg8 35. f5 gxf5
36. Bd4 Bg6 37. Rf1 Rf8 38. Bf3 (38. Qa2 {with more complications.} Qf7 39. Re1
h6 40. Qf2 f4 41. Bc5) 38... Qf7 39. Bd1 b5 40. Qg2 Qe6 41. axb5 cxb5 42. Bf3 (
42. Qb7 $14 Bf7 43. Qxb5) 42... Bf7 {Hoping for ...Ne3.} 43. g4 {Threatening
mate with gxf5+.} f4 {Strongly threatening ...Ne3.} 44. Qh2 Qd6 45. Be4 Be6 46.
Qf2 $36 {[%mdl 2048] White has some pressure.} Qd7 $2 {[%mdl 8192]} (46... Qd8
$11) 47. Qh4 $18 Kf7 48. Qxh7+ Ke8 49. Qh5+ Bf7 50. Qc5 {White mates.} Qd6 51.
Qxb5+ Kd8 52. Rd1 Be8 53. Bb6+ {[%mdl 64] Double Attack, Discovered Attack} Ke7
54. Qg5+ Qf6 55. Bc5+ Nd6 56. Bxd6+ {[%mdl 64] Discovered Attack} Ke6 57. Qd5+
{Weighted Error Value: White=0.13/Black=0.29} 1-0

[Event "FIDE Women World-chT-KO 2021"]
[Site "Sitges"]
[Date "2021.09.30"]
[Round "1.2"]
[White "Kamalidenova, Meruert"]
[Black "Tania, Sachdev"]
[Result "1-0"]
[WhiteElo "2339"]
[BlackElo "2392"]
[Annotator "ChessBase"]
[PlyCount "71"]
[EventDate "2021.09.30"]
[EventType "team-tourn"]
[EventCountry "ESP"]
[SourceTitle "playchess.com"]
[Source "ChessBase"]
[SourceQuality "1"]
[WhiteTeam "Kazakhstan"]
[BlackTeam "India"]
[WhiteTeamCountry "KAZ"]
[BlackTeamCountry "IND"]
[TimeControl "2700+10"]

1. e4 {[%emt 0:00:04]} e5 {[%emt 0:00:01]} 2. Nf3 {[%emt 0:00:04]} Nc6 {
[%emt 0:00:02]} 3. Bb5 {[%emt 0:00:04]} a6 {[%emt 0:00:01]} 4. Ba4 {[%emt 0:00:
04]} Nf6 {[%emt 0:00:04]} 5. O-O {[%emt 0:00:03]} Be7 {[%emt 0:00:03]} 6. Re1 {
[%emt 0:00:08]} b5 {[%emt 0:00:02]} 7. Bb3 {[%emt 0:00:03]} O-O {[%emt 0:00:09]
} 8. a4 {[%emt 0:00:13]} b4 {[%emt 0:00:05]} 9. d3 {[%emt 0:00:44]} d6 {
[%emt 0:00:30]} 10. Nbd2 {[%emt 0:00:14]} Na5 {[%emt 0:02:09]} 11. h3 {[%emt 0:
02:15]} Nxb3 {[%emt 0:00:50]} 12. Nxb3 {[%emt 0:00:07]} c5 {[%emt 0:01:03]} 13.
a5 {[%emt 0:00:52]} Rb8 {[%emt 0:01:00]} 14. Nbd2 {[%emt 0:01:32]} Be6 {
[%emt 0:02:38]} 15. c3 {[%emt 0:01:02]} bxc3 {[%emt 0:03:46]} 16. bxc3 {
[%emt 0:00:06]} Rb5 {[%emt 0:00:20]} 17. Qa4 {[%emt 0:01:42]} Nh5 {[%emt 0:02:
57]} 18. d4 {[%emt 0:03:05]} cxd4 {[%emt 0:02:30]} 19. cxd4 {[%emt 0:01:14]}
Nf4 {[%emt 0:00:03]} 20. d5 {[%emt 0:04:30]} Bd7 {[%emt 0:01:10]} 21. Qa2 {
[%emt 0:00:26]} Qc8 {[%emt 0:05:23]} 22. Nc4 {[%emt 0:01:51]} Nxg2 {[%emt 0:12:
47]} 23. Kxg2 {[%emt 0:00:59]} Bxh3+ {[%emt 0:00:02]} 24. Kh2 {[%emt 0:00:32]}
Qg4 {[%emt 0:00:18]} 25. Rg1 {[%emt 0:00:22]} Qh5 {[%emt 0:01:56]} 26. Rg3 {
[%emt 0:01:12]} Bf5+ {[%emt 0:01:12]} 27. Kg1 {[%emt 0:01:35]} Bxe4 {[%emt 0:
00:05]} 28. Qe2 {[%emt 0:01:06]} f5 {[%emt 0:03:57]} 29. Ncd2 {[%emt 0:02:24]}
Bxd5 {[%emt 0:00:11]} 30. Ra4 {[%emt 0:02:16]} Rc5 {[%emt 0:00:45]} 31. Qd1 {
[%emt 0:04:21]} e4 {[%emt 0:01:46]} 32. Bb2 {[%emt 0:00:42]} Bf6 {[%emt 0:01:
09]} 33. Qa1 {[%emt 0:03:29]} exf3 {[%emt 0:00:16]} 34. Bxf6 {[%emt 0:00:11]}
Rxf6 {[%emt 0:01:06]} 35. Qxf6 {[%emt 0:00:42]} Rc1+ {[%emt 0:00:17]} 36. Nf1 {
[%emt 0:00:02]} 1-0

[Event "FIDE Women World-chT-KO 2021"]
[Site "Sitges"]
[Date "2021.09.30"]
[Round "1.2"]
[White "Fataliyeva, Ulviyya"]
[Black "Arabidze, Meri"]
[Result "1-0"]
[WhiteElo "2277"]
[BlackElo "2441"]
[Annotator "TA"]
[PlyCount "127"]
[EventDate "2021.09.30"]
[EventType "team-tourn"]
[EventCountry "ESP"]
[SourceTitle "playchess.com"]
[Source "ChessBase"]
[SourceQuality "1"]
[WhiteTeam "Azerbaijan"]
[BlackTeam "Georgia"]
[WhiteTeamCountry "AZE"]
[BlackTeamCountry "GEO"]

{[%evp 9,127,-10,-6,-21,-23,-56,-72,-71,-57,-52,-29,-35,-28,-31,-22,-25,-25,
-25,-23,-20,-20,-22,-26,-22,0,-8,0,0,36,-17,-19,-33,-29,-37,0,-3,0,0,0,0,0,0,
70,57,79,72,75,80,87,88,93,68,86,83,99,68,139,88,117,112,152,142,147,172,179,
172,181,172,119,125,118,97,293,296,310,262,324,310,325,322,495,497,451,396,450,
0,49,0,0,0,0,0,0,0,0,0,184,184,184,184,184,184,184,184,184,122,12840,12840,
12842,12843,12843,12843,12845,12846,12846,12847,12847,12846,12850,12846]} 1. d4
Nf6 2. Bg5 d5 3. Bxf6 exf6 4. e3 c6 5. Nd2 Nd7 {[%cal Bb8d7,Bd7f6,Bf6e4][%mdl
32]} 6. Qf3 {D00: 1 d4 d5: Unusual lines.} g6 {[#]} 7. O-O-O $146 ({
Predecessor:} 7. g4 h5 8. h3 hxg4 9. hxg4 Rxh1 10. Qxh1 Nb6 11. Bh3 Bd7 12. Ne2
Qc7 13. O-O-O {0-1 (41) Ermenkov,E (2515)-Langeweg,K (2390) Amsterdam 1985})
7... f5 8. h4 {Black is better.} Nf6 9. Bd3 $1 Ne4 10. h5 g5 11. Qe2 Qa5 12.
Bxe4 dxe4 13. Kb1 Be6 14. c4 O-O-O 15. Rc1 Kb8 16. Nb3 Qa4 17. Qc2 Rc8 18. Ne2
h6 19. c5 (19. g4 $14) 19... Qa6 $11 20. Rhd1 Be7 21. Rd2 Rhd8 22. g4 fxg4 23.
Qxe4 Rd5 {aiming for ...Bf5.} 24. Qg2 f5 25. Qh2+ Ka8 (25... f4 $1 $11) 26. Nc3
$14 Qc4 27. Nxd5 Qxd5 28. Qe5 Rd8 29. Qxd5 Bxd5 30. Rdd1 Bf6 31. Nd2 Kb8 32.
Rg1 Re8 (32... Bg7 $14) 33. Nc4 (33. Kc2 $142) 33... Kc7 34. Nd6 Re6 35. Ka1
Rxd6 36. cxd6+ Kxd6 37. b4 a6 38. Kb2 Be7 39. a4 Ke6 40. b5 axb5 $2 (40... a5
$16 41. Rc2 Bd6) 41. axb5 $18 Bd6 42. bxc6 bxc6 43. Ra1 Bh2 44. Rgf1 g3 (44...
f4 $142 45. Rfe1 Kf5) 45. fxg3 Bxg3 46. Kc3 g4 {If only Black now had time for
...Kf6....} 47. Rf4 $2 Kf6 48. Raf1 Bxf4 49. exf4 $11 {[%mdl 4096] Endgame
KR-KB} g3 50. Kd3 {Strongly threatening Ke3.} g2 51. Rg1 Bf3 52. Ke3 Bxh5 (
52... Be4 $1 $11 {and Black stays safe.}) 53. Rxg2 $18 {Hoping for Rh2.} Bf7
54. Rc2 Bd5 55. Rh2 Kg6 56. Kf2 Be4 {[#]} 57. Kg3 (57. Rh3 $1 $18) 57... Kf6 $2
{[%mdl 8192]} (57... Bd5 $16 58. Rh4 Bg8) 58. Rxh6+ {White is clearly winning.}
Ke7 {[#]} 59. Kh4 $1 {[%cal Rh4g5]} Kd7 60. Kg5 Ke7 61. Rf6 Kd7 62. Rxf5 Kd6
63. Re5 Bd5 64. f5 {Weighted Error Value: White=0.17/Black=0.28} 1-0

[Event "FIDE Women World-chT-KO 2021"]
[Site "Sitges"]
[Date "2021.09.30"]
[Round "1.2"]
[White "Ouellet, Maili-Jade"]
[Black "Shuvalova, Polina"]
[Result "1/2-1/2"]
[WhiteElo "2254"]
[BlackElo "2510"]
[Annotator "TA"]
[PlyCount "131"]
[EventDate "2021.09.30"]
[EventType "team-tourn"]
[EventCountry "ESP"]
[SourceTitle "playchess.com"]
[Source "ChessBase"]
[SourceQuality "1"]
[WhiteTeam "Canada"]
[BlackTeam "RUS"]
[WhiteTeamCountry "CAN"]
[BlackTeamCountry "RUS"]

{[%evp 11,131,4,15,2,0,2,0,-4,14,26,20,30,39,41,48,0,0,0,29,0,22,22,22,37,42,
29,54,26,82,70,82,56,89,89,84,84,110,109,114,112,106,106,101,84,89,87,87,84,90,
90,90,87,91,87,81,76,77,73,81,76,75,77,84,78,94,82,80,76,88,79,89,83,96,72,90,
87,95,74,94,94,94,94,109,92,89,66,110,57,56,57,57,58,68,67,66,45,45,45,49,49,
49,45,45,0,56,56,66,13,22,22,22,14,64,59,68,14,72,26,62,0,0,0]} 1. d4 Nf6 2. c4
e6 3. Nc3 Bb4 4. e3 O-O 5. Bd3 d5 6. Nge2 b6 7. O-O {E48: Nimzo-Indian:
Rubinstein: 5 Bd3 d5 including 6 Ne2, but excluding 6 a3.} dxc4 {is the legacy
move (7...Bb7).} 8. Bxc4 Bb7 9. Qd3 {[#]} Nc6 $146 ({Predecessor:} 9... a6 10.
a3 Bd6 11. Ng3 Nbd7 12. Bd2 c5 13. Rad1 Qc7 14. Ba2 Rfd8 15. Rfe1 h5 {0-1 (36)
Olivares,F (2305)-Borges Feria,Y (2427) Havana 2014}) 10. a3 Bxc3 11. Nxc3 Qe7
12. b4 {[%cal Bb2b4,Bb4b5][%mdl 32]} e5 13. b5 Na5 14. Ba2 Rad8 15. Bb2 c5 {
[%cal Re5d4]} 16. bxc6 Nxc6 {[%cal Re5d4]} 17. d5 e4 18. Qc2 Ne5 19. Nxe4 Nxd5
{[#]} (19... Bxd5 $11 20. Bxd5 Nxd5) 20. Ng3 $1 $16 {[%cal Rg3f5]} Rc8 21. Qa4
{Threatens to win with Qd4.} Nc3 22. Qxa7 Nxa2 23. Bxe5 ({Of course not} 23.
Rxa2 $6 Nc4 $11) 23... Ra8 24. Qxb6 Qxe5 25. Qxb7 Rxa3 26. Rfb1 g6 27. Qb2 Qxb2
28. Rxb2 Rfa8 29. Nf1 Nc3 30. Rxa3 Rxa3 {[%mdl 4096] Endgame KRN-KRN} 31. g4
Ra5 32. Ng3 Nd5 33. Kg2 Nf6 34. Rb4 h5 35. h3 hxg4 36. hxg4 Kg7 37. Ne2 Re5 38.
Nc3 Rc5 39. Na4 Re5 40. Kf3 Rg5 41. Nb2 Ra5 42. Nd3 Rd5 43. Nf4 Re5 44. Nh3 Ra5
45. g5 Nh7 46. Kg4 Re5 47. e4 Ra5 48. f4 Nf8 49. f5 (49. Ng1 $16) 49... gxf5+
$14 50. exf5 {aiming for Rb7.} Nd7 51. Kf4 Ra7 52. Nf2 f6 53. Ne4 fxg5+ 54.
Kxg5 Rc7 55. Rb5 Nf8 56. Nc5 Kf7 57. Ne4 Kg7 $1 58. Rb6 Rd7 59. f6+ ({White
should try} 59. Nf6 $14 Nh7+ 60. Nxh7 Kxh7 61. Kf6) 59... Kf7 (59... Kg8 {
is interesting.} 60. Nd6 Ra7 61. Rb8 Rd7 62. Ne4 Rd5+) 60. Nd6+ Kg8 61. Kf5 Rd8
(61... Ra7 {feels hotter.} 62. Rb5 Nd7 63. Kg6 Nf8+ 64. Kh5 Nd7) 62. Ra6 Rd7
63. Nc4 (63. Ke5 $14) 63... Rd5+ (63... Rd1 $1 $11 {keeps the balance.}) 64.
Ke4 Rd1 65. Ra7 (65. Ne3 $14 Re1 66. Ra7) 65... Nd7 $11 66. Kf5 {Weighted
Error Value: White=0.13/Black=0.09} 1/2-1/2

[Event "FIDE Women World-chT-KO 2021"]
[Site "Sitges"]
[Date "2021.09.30"]
[Round "1.3"]
[White "Sargsyan, Anna M."]
[Black "Osmak, Iulija"]
[Result "1-0"]
[WhiteElo "2402"]
[BlackElo "2302"]
[Annotator "TA"]
[PlyCount "73"]
[EventDate "2021.09.30"]
[EventType "team-tourn"]
[EventCountry "ESP"]
[SourceTitle "playchess.com"]
[Source "ChessBase"]
[SourceQuality "1"]
[WhiteTeam "Armenia"]
[WhiteTeamCountry "ARM"]

{[%evp 17,73,-45,-27,-37,-16,-24,-32,-25,-18,-18,-21,-22,0,0,0,-31,-30,-45,-30,
-60,-59,-147,-138,-152,-119,-202,-176,-189,-165,-186,-161,-366,-356,-365,-304,
-285,1027,993,1069,1053,994,844,844,810,819,825,909,697,697,697,683,683,1991,
1769,29982,29983,29992,29993]} 1. e4 e6 2. d3 d5 3. Nd2 Nc6 4. g3 Nf6 5. Bg2
Bc5 6. Ngf3 dxe4 7. dxe4 e5 8. O-O O-O 9. Qe2 a5 10. Nb3 {C00: French: Unusual
White 2nd moves.} Bb6 11. a4 Qe7 {[#]} 12. Be3 $146 {Black is slightly better.}
({Predecessor:} 12. Nfd2 Nd4 13. Nxd4 Bxd4 14. h3 b6 15. Re1 Bc5 16. Nf1 Bb7
17. g4 Nd7 18. Ng3 {0-1 (57) Himanshu,S (2350)-Das,S (2373) Dharamshala 2014})
12... Bxe3 13. Qxe3 b6 14. Rfe1 Be6 15. Qc3 Bd7 16. Nh4 g6 17. Rad1 Rad8 18.
Nd2 Qb4 19. Qf3 (19. Nhf3 $15) 19... Kg7 $17 {And now ...Bg4 would win.} 20. c3
Qxa4 {[#] Hoping for ...Bg4.} 21. h3 (21. Qe3 $17 {was worth a try.}) 21... Be6
22. Nf1 Rxd1 23. Rxd1 Qb5 24. Ne3 $2 (24. Rd2) 24... Qxb2 $19 25. g4 h6 26. Qg3
Qxc3 $4 {[%mdl 8192] [#]} (26... Bb3 $19 27. Rf1 Nd7) 27. Nef5+ $1 $18 {
[%mdl 576] Discovered Attack} gxf5 (27... Bxf5 28. Qxc3) 28. Qxc3 Nd4 29. Rxd4
exd4 30. Qxd4 fxg4 31. hxg4 c5 32. Qb2 Bxg4 33. Qxb6 a4 34. Qxc5 Ra8 35. e5 Nd7
36. Qd4 Rb8 37. Qxg4+ {Never resign too early!  Weighted Error Value: White=0.
34/Black=0.35} 1-0

[Event "FIDE Women World-chT-KO 2021"]
[Site "Sitges"]
[Date "2021.09.30"]
[Round "1.4"]
[White "Buksa, Nataliya"]
[Black "Gaboyan, Susanna"]
[Result "1-0"]
[WhiteElo "2417"]
[BlackElo "2253"]
[Annotator "TA"]
[PlyCount "101"]
[EventDate "2021.09.30"]
[EventType "team-tourn"]
[EventCountry "ESP"]
[SourceTitle "playchess.com"]
[Source "ChessBase"]
[SourceQuality "1"]
[WhiteTeam "Ukraine"]
[BlackTeam "Armenia"]
[WhiteTeamCountry "UKR"]
[BlackTeamCountry "ARM"]

{[%evp 9,101,-4,2,-13,36,-52,-58,-43,0,0,10,-5,2,0,5,-2,27,27,24,24,28,26,29,
29,15,19,17,24,76,78,127,127,127,127,129,134,131,81,79,0,3,0,82,82,78,81,204,
202,198,191,186,195,619,443,431,286,279,265,982,887,821,794,1365,1373,5073,
1351,2605,0,6107,5952,3581,5197,29976,29977,29976,29978,29979,29980,29980,
29979,29982,29982,29981,29982,29992,29982,29982,29982,29982,29983,29986,29984,
29984,29985]} 1. e4 c5 2. b3 Nc6 3. Bb2 d6 4. Nc3 e5 5. Bb5 Nge7 6. Nge2 {
B20: Sicilian: Unusual White 2nd moves.} a6 {[#]} 7. Bc4 $146 (7. Bxc6+ $14
Nxc6 8. f4) ({Predecessor:} 7. Bxc6+ Nxc6 8. O-O Be7 9. Nd5 O-O 10. f4 f5 11.
fxe5 dxe5 12. Nxe7+ Qxe7 13. exf5 Bxf5 {0-1 (29) Drewitz,H-Standke,W
Mecklenburg VP 1997}) 7... b5 $15 8. Bd5 {Black is slightly better.} Nxd5 9.
Nxd5 Be7 10. c3 O-O 11. d4 Be6 12. O-O cxd4 (12... f5 {is more complex.} 13.
Qc2 Rc8 14. Nxe7+ Nxe7 15. dxe5 dxe5 16. Rad1 Qc7) 13. cxd4 Bxd5 14. exd5 Nxd4
15. Nxd4 exd4 16. Bxd4 Bf6 17. Rc1 Bxd4 18. Qxd4 Rc8 (18... h5 $11 {keeps the
balance.}) 19. Rc6 $16 Rxc6 20. dxc6 {[%mdl 4096] Endgame KQR-KQR} Qc7 21. Rc1
h6 22. h3 Rc8 23. Qd5 Qe7 24. Rd1 (24. a4 $16 bxa4 25. bxa4) 24... Qc7 25. Rc1
(25. Kh2 $11) 25... Qe7 $1 26. a4 $36 {[%mdl 2048] Black is under strong
pressure. White now steadily converts the win.} Qe6 27. Qd3 bxa4 (27... Qg6 $16
28. Qd1 bxa4) 28. bxa4 $18 a5 29. Qa6 d5 30. Qxa5 {Strongly threatening Qb5.}
Kh7 $2 (30... Qd6 31. g3 f5) 31. Qc5 d4 32. Qb5 g6 33. a5 {[#] And now a6
would win.} d3 $2 (33... Qd6 34. Qc4 Rc7) 34. Qxd3 Rxc6 35. Rxc6 Qxc6 {KQ-KQ}
36. a6 Qc1+ 37. Kh2 (37. Qf1 $142 Qa3 38. Qc4) 37... Qf4+ 38. Kg1 (38. Qg3 $142
Qa4 39. Qd6) 38... Qc1+ {[#]} 39. Qf1 $1 {[%cal Rf1c1]} Qa3 40. Qc4 Kg7 41.
Qd4+ {White mates.} Kh7 42. a7 Qa6 43. g3 h5 44. Qc5 Kg7 45. Qc7 Qa1+ 46. Kg2
Qd4 47. Qa5 Qe4+ 48. Kg1 Qb1+ 49. Kh2 Qc2 50. a8=Q Qxf2+ 51. Qg2 {Weighted
Error Value: White=0.36/Black=0.35} 1-0

[Event "FIDE Women World-chT-KO 2021"]
[Site "Sitges"]
[Date "2021.10.01"]
[Round "2.1"]
[White "Goryachkina, Aleksandra"]
[Black "Muzychuk, Anna"]
[Result "1/2-1/2"]
[WhiteElo "2608"]
[BlackElo "2534"]
[Annotator "ChessBase"]
[PlyCount "98"]
[EventDate "2021.09.30"]
[EventType "team-tourn"]
[EventCountry "ESP"]
[SourceTitle "playchess.com"]
[Source "ChessBase"]
[SourceQuality "1"]
[WhiteTeam "Russia"]
[BlackTeam "Ukraine"]
[WhiteTeamCountry "RUS"]
[BlackTeamCountry "UKR"]
[TimeControl "2700+10"]

1. d4 {[%emt 0:00:05]} d5 {[%emt 0:00:03]} 2. c4 {[%emt 0:00:04]} c6 {[%emt 0:
00:01]} 3. Nf3 {[%emt 0:00:03]} Nf6 {[%emt 0:00:02]} 4. Nc3 {[%emt 0:00:03]} e6
{[%emt 0:00:04]} 5. e3 {[%emt 0:00:03]} Nbd7 {[%emt 0:00:05]} 6. Bd3 {[%emt 0:
00:08]} dxc4 {[%emt 0:01:01]} 7. Bxc4 {[%emt 0:00:05]} b5 {[%emt 0:00:24]} 8.
Bd3 {[%emt 0:00:05]} Bd6 {[%emt 0:00:18]} 9. O-O {[%emt 0:00:27]} O-O {[%emt 0:
00:20]} 10. Qc2 {[%emt 0:00:35]} Bb7 {[%emt 0:01:25]} 11. e4 {[%emt 0:00:16]}
e5 {[%emt 0:00:11]} 12. dxe5 {[%emt 0:00:39]} Nxe5 {[%emt 0:00:02]} 13. Nxe5 {
[%emt 0:00:02]} Bxe5 {[%emt 0:00:01]} 14. h3 {[%emt 0:00:07]} Re8 {[%emt 0:05:
03]} 15. Be3 {[%emt 0:00:53]} Bd4 {[%emt 0:02:59]} 16. Bxd4 {[%emt 0:04:19]}
Qxd4 {[%emt 0:00:02]} 17. Rad1 {[%emt 0:00:07]} Qc5 {[%emt 0:08:53]} 18. Rfe1 {
[%emt 0:01:22]} a5 {[%emt 0:05:12]} 19. Re3 {[%emt 0:03:42]} b4 {[%emt 0:04:25]
} 20. Na4 {[%emt 0:14:15]} Qxc2 {[%emt 0:00:11]} 21. Bxc2 {[%emt 0:00:01]} Ba6
{[%emt 0:04:44]} 22. Nc5 {[%emt 0:00:47]} Bc4 {[%emt 0:00:41]} 23. Bb3 {
[%emt 0:01:23]} Bxb3 {[%emt 0:00:17]} 24. axb3 {[%emt 0:00:11]} Re5 {[%emt 0:
03:59]} 25. Rc1 {[%emt 0:00:39]} g5 {[%emt 0:01:22]} 26. Rc4 {[%emt 0:01:46]}
Rd8 {[%emt 0:01:51]} 27. Nd3 {[%emt 0:00:38]} Rxe4 {[%emt 0:00:16]} 28. Rcxe4 {
[%emt 0:06:27]} Nxe4 {[%emt 0:00:02]} 29. Nxb4 {[%emt 0:01:33]} Rd1+ {[%emt 0:
01:36]} 30. Kh2 {[%emt 0:00:02]} axb4 {[%emt 0:01:26]} 31. Rxe4 {[%emt 0:00:03]
} Rd2 {[%emt 0:00:02]} 32. f3 {[%emt 0:01:21]} c5 {[%emt 0:00:18]} 33. Re5 {
[%emt 0:01:20]} h6 {[%emt 0:00:03]} 34. Rxc5 {[%emt 0:00:24]} Rxb2 {[%emt 0:00:
01]} 35. h4 {[%emt 0:01:26]} gxh4 {[%emt 0:00:20]} 36. Kh3 {[%emt 0:00:01]} Kg7
{[%emt 0:00:26]} 37. Rc6 {[%emt 0:00:18]} Rxb3 {[%emt 0:00:13]} 38. Rb6 {
[%emt 0:00:08]} Rb2 {[%emt 0:00:36]} 39. Kxh4 {[%emt 0:00:03]} Rxg2 {[%emt 0:
00:26]} 40. Rxb4 {[%emt 0:00:03]} Kg6 {[%emt 0:00:13]} 41. Kh3 {[%emt 0:00:13]}
Rg1 {[%emt 0:00:05]} 42. Kh2 {[%emt 0:00:12]} Rg5 {[%emt 0:00:04]} 43. Kh3 {
[%emt 0:00:15]} f6 {[%emt 0:00:21]} 44. Ra4 {[%emt 0:00:12]} Rc5 {[%emt 0:00:
29]} 45. Kg3 {[%emt 0:00:04]} h5 {[%emt 0:00:12]} 46. Rb4 {[%emt 0:00:14]} Kg5
{[%emt 0:00:07]} 47. Ra4 {[%emt 0:00:09]} Rc3 {[%emt 0:00:08]} 48. Rb4 {
[%emt 0:00:29]} f5 {[%emt 0:00:44]} 49. Ra4 {[%emt 0:00:18]} Rb3 {[%emt 0:00:
19]} 1/2-1/2

[Event "FIDE Women World-chT-KO 2021"]
[Site "Sitges"]
[Date "2021.10.01"]
[Round "2.1"]
[White "Lagno, Kateryna"]
[Black "Ushenina, Anna"]
[Result "1/2-1/2"]
[WhiteElo "2550"]
[BlackElo "2428"]
[Annotator "ChessBase"]
[PlyCount "61"]
[EventDate "2021.09.30"]
[EventType "team-tourn"]
[EventCountry "ESP"]
[SourceTitle "playchess.com"]
[Source "ChessBase"]
[SourceQuality "1"]
[WhiteTeam "Russia"]
[BlackTeam "Ukraine"]
[WhiteTeamCountry "RUS"]
[BlackTeamCountry "UKR"]
[TimeControl "2700+10"]

1. e4 {[%emt 0:00:02]} e5 {[%emt 0:00:06]} 2. Nf3 {[%emt 0:00:04]} Nf6 {
[%emt 0:00:07]} 3. Nxe5 {[%emt 0:00:04]} d6 {[%emt 0:00:03]} 4. Nf3 {[%emt 0:
00:02]} Nxe4 {[%emt 0:00:06]} 5. d4 {[%emt 0:00:04]} d5 {[%emt 0:00:07]} 6. Bd3
{[%emt 0:00:03]} Nc6 {[%emt 0:00:08]} 7. O-O {[%emt 0:00:10]} Be7 {[%emt 0:00:
02]} 8. Nbd2 {[%emt 0:00:52]} Nxd2 {[%emt 0:01:46]} 9. Bxd2 {[%emt 0:00:14]}
Bg4 {[%emt 0:00:10]} 10. c3 {[%emt 0:00:18]} O-O {[%emt 0:04:10]} 11. h3 {
[%emt 0:00:06]} Bh5 {[%emt 0:00:27]} 12. g3 {[%emt 0:00:24]} Qd7 {[%emt 0:00:
45]} 13. Kg2 {[%emt 0:00:08]} Bg6 {[%emt 0:02:58]} 14. Bxg6 {[%emt 0:00:22]}
hxg6 {[%emt 0:01:18]} 15. Bf4 {[%emt 0:02:16]} Bd6 {[%emt 0:00:38]} 16. Qd2 {
[%emt 0:00:04]} Rae8 {[%emt 0:01:48]} 17. Rfe1 {[%emt 0:00:58]} Bxf4 {[%emt 0:
08:02]} 18. Qxf4 {[%emt 0:00:04]} f6 {[%emt 0:00:16]} 19. h4 {[%emt 0:08:50]}
Nd8 {[%emt 0:02:59]} 20. Rxe8 {[%emt 0:02:50]} Rxe8 {[%emt 0:00:02]} 21. Re1 {
[%emt 0:00:01]} Rxe1 {[%emt 0:00:36]} 22. Nxe1 {[%emt 0:00:01]} Nf7 {[%emt 0:
01:04]} 23. Nd3 {[%emt 0:00:38]} Nd6 {[%emt 0:02:06]} 24. Nc5 {[%emt 0:03:59]}
Qe7 {[%emt 0:02:00]} 25. Qg4 {[%emt 0:01:05]} Kf7 {[%emt 0:00:26]} 26. Qf3 {
[%emt 0:05:39]} c6 {[%emt 0:00:15]} 27. Nd3 {[%emt 0:00:05]} Kg8 {[%emt 0:03:
53]} 28. Nf4 {[%emt 0:07:55]} Kf7 {[%emt 0:00:35]} 29. Nd3 {[%emt 0:01:43]} Kg8
{[%emt 0:00:41]} 30. Nf4 {[%emt 0:01:02]} Kf7 {[%emt 0:00:06]} 31. Nd3 {
[%emt 0:01:39]} 1/2-1/2